The Bible /

Bibliographic Details
Uniform Title:Bible.
Format: Microform Book
Language:English
Published: Imprinted at London : By Christopher Barker ..., 1582.
Series:Early English books, 1475-1640 ; 1827:1.

MARC

Tag First Indicator Second Indicator Subfields
LEADER 00000cam a2200000 a 4500
001 in00001276310
005 20151004062839.0
007 hd afv---baca
007 hd bfv---baaa
008 910410s1582 xx a 000 0 eng d
035 |a (OCoLC)23447860 
035 |9 AGX7977AM 
037 |a CL0036000055  |b University Microfilms International 
037 |b University Microfilms International, 300 N. Zeeb Rd., Ann Arbor, MI 48106 
040 |a EBK  |c EBK  |d UtOrBLW 
049 |a TXAI 
090 |a BS170  |b 1582 
099 |a Film   |a  B   |a  3608  |a 1827:1. 
130 0 |a Bible.  |l English.  |s Geneva.  |f 1582. 
245 1 4 |a The Bible /  |c translated according to the Ebrew and Greeke, and conferred with the best translations in diuers languages ; with most profitable annotations vpon all the hard places, and other things of great importance, as may appeare in the epistle to the reader ; and also a most profitable concordance for the readie finding out of any thing in the same conteyned. 
264 1 |a Imprinted at London :  |b By Christopher Barker ...,  |c 1582. 
300 |a 96 unnumbered pages, 554, that is, 1106 pages 
336 |a text  |b txt  |2 rdacontent 
337 |a microform  |b h  |2 rdamedia 
338 |a microfilm reel  |b hd  |2 rdacarrier 
500 |a "Newe Testament of our Lord Iesus Christ" has special title page. 
500 |a "Cum Priuilegio." 
500 |a Signatures: [pi]² A-E⁸ F⁶ ²A-3H⁸ 3I² *⁴ 3K-3Y⁸ 3Z¹⁰. 
500 |a Title within illustrated border. 
500 |a Pages numbered consecutively on recto only. 
500 |a Includes Apocrypha. 
500 |a Numerous errors in paging. 
500 |a Reproduction of original in the Bodleian Library. 
510 4 |a STC (2nd ed.)  |c 2134 
533 |a Microfilm.  |b Ann Arbor, Mich. :  |c University Microfilms International,  |d 1985.  |e 1 microfilm reel ; 35 mm.  |f (Early English books, 1475-1640 ; 1827:1) 
539 |a s  |b 1985  |d miu  |e n 
500 |a Microform. 
730 0 2 |a Bible.  |p Apocrypha.  |l English.  |f 1582. 
730 0 2 |a Newe Testament of our Lord Iesus Christ. 
830 0 |a Early English books, 1475-1640 ;  |v 1827:1. 
999 |a MARS 
999 f f |s 9dd31cc1-08e4-30dd-92ea-b8278379a719  |i 08980803-6ac3-3021-b018-7270a5fb29a1  |t 0 
952 f f |p default  |a Texas A&M University  |b College Station  |c Sterling C. Evans Library  |d Evans: Microforms (3rd floor)  |t 0  |e Film B 3608 1827:1.  |h Other scheme  |i microform -- microfilm reel 
998 f f |a Film B 3608 1827:1.  |t 0  |l Evans: Microforms (3rd floor)